书目信息 |
| 题名: |
旅游市场营销
|
|
| 作者: | 郭英之 编著 | |
| 分册: | ||
| 出版信息: | 大连 东北财经大学出版社 2006 |
|
| 页数: | 325页 | |
| 开本: | 24cm | |
| 丛书名: | ||
| 单 册: | ||
| 中图分类: | F590.8 | |
| 科图分类: | ||
| 主题词: | 旅游业--市场营销学--高等教育--教材 , 旅游业 , 市场营销学 | |
| 电子资源: | ||
| ISBN: | 7-81084-919-0 | |
| 000 | 00986nam0 2200289 450 | |
| 001 | 003302952 | |
| 005 | 20070807150027.75 | |
| 010 | @a7-81084-919-0@dCNY30.00 | |
| 035 | @a003302952 | |
| 100 | @a20060210d2006 em y0chiy0110 ea | |
| 101 | 0 | @achi |
| 102 | @aCN@b210000 | |
| 105 | @ay z 000yy | |
| 106 | @ar | |
| 200 | 1 | @a旅游市场营销@Alv you shi chang ying xiao@dTourism marketing@f郭英之编著@Fguo ying zhi bian zhu@zeng |
| 210 | @a大连@c东北财经大学出版社@d2006 | |
| 215 | @a325页@d24cm | |
| 300 | @a普通高等教育“十一五”国家级规划教材 21世纪高等院校旅游管理系列教材 | |
| 330 | @a本书介绍了旅游市场营销环境、旅游者行为影响因素、旅游市场细分、旅游产品策略、旅游价格策略、旅游销售管理、旅游市场营销管理等内容。 | |
| 510 | 1 | @aTourism marketing@zeng |
| 606 | 0 | @a旅游业@x市场营销学@x高等教育@j教材 |
| 606 | 0 | @a旅游业 |
| 606 | 0 | @a市场营销学 |
| 690 | @aF590.8@v4 | |
| 701 | 0 | @a郭英之@Aguo ying zhi@4编著 |
| 801 | 0 | @aCN@bNLC@c20070807 |
| 905 | @dF590.8@e205@f1 | |
| 旅游市场营销=Tourism marketing/郭英之编著.-大连:东北财经大学出版社,2006 |
| 325页;24cm |
| 普通高等教育“十一五”国家级规划教材 21世纪高等院校旅游管理系列教材 |
| ISBN 7-81084-919-0:CNY30.00 |
| 本书介绍了旅游市场营销环境、旅游者行为影响因素、旅游市场细分、旅游产品策略、旅游价格策略、旅游销售管理、旅游市场营销管理等内容。 |
| ● |
| 相关链接 |
|
|
|
|
正题名:旅游市场营销
索取号:F590.8/205
 
预约/预借
| 序号 | 登录号 | 条形码 | 馆藏地/架位号 | 状态 | 备注 |
| 1 | 0853435 | 208534353 | 第一样本阅览室/ [索取号:F590.8/205] | 在馆 |